Cristiano Ronaldo - najczęstsi koledzy z boiska - Statystyki

Ogólne statystyki
  • Ten quiz został rozwiązany 290 razy
  • Średni wynik to 10 z 20
Statystyki odpowiedzi
Występy Piłkarz % Poprawnych
342 Karim Benzema
92%
339 Sergio Ramos
90%
222 Luka Modric
88%
348 Pepe
83%
332 Marcelo
82%
170 Toni Kroos
73%
228 Iker Casillas
70%
206 Wayne Rooney
68%
231 Raphaël Varane
53%
221 Rio Ferdinand
47%
204 Ryan Giggs
45%
183 Paul Scholes
40%
166 Ángel Di María
37%
167 Edwin van der Sar
36%
188 Isco
33%
208 Xabi Alonso
30%
180 Gonzalo Higuaín
26%
174 Sami Khedira
24%
201 Álvaro Arbeloa
14%
215 John O'Shea
5%
Nie znaleziono quizów pasujących do podanych kryteriów
Rozkład punktacji
Procent ludzi z każdym wynikiem
Percentyl według liczby udzielonych odpowiedzi
Twoja historia wyników
Nie rozwiązałeś tego quizu